| 000 | 01488nam a2200301 i 4500 | ||
|---|---|---|---|
| 001 | 180113 | ||
| 003 | ES-MaACL | ||
| 005 | 20230928164251.0 | ||
| 008 | 120418r20101859sp afp |||| | spa d | ||
| 020 | _a978-84-9911-093-6 | ||
| 080 | _a514.18 | ||
| 100 | 1 |
_aLaviña, Matías. _9128755 |
|
| 245 | 1 | 0 |
_aPrincipios de geometría descriptiva / _cMatías Laviña Blasco ; prólogo de Javier García-Gutiérrez Mosteiro. |
| 260 |
_aZaragoza : _bInstitución "Fernando el Católico", _c2010. |
||
| 300 |
_a39, 43 p., VIII h. de lám. : _bil. ; _c24 cm. |
||
| 490 | 1 |
_aÉntasis : cuadernos de arquitectura de la Cátedra "Ricardo Magdalena" ; _v38 |
|
| 490 | 1 |
_aPublicación n. 3016 de la Institución "Fernando el Católico" ; _v3016 |
|
| 534 |
_pReprod. de la edición de. _tPrincipios de geometría descriptiva para los alumnos de pintura y escultura, _cMadrid : [s.n.], 1859 (Imp. de A. Vicente) |
||
| 650 | 7 |
_aGeometría descriptiva. _9136182 |
|
| 700 | 1 |
_aGarcía Gutiérrez-Mosteiro, Javier. _9149823 |
|
| 710 | 2 |
_aInstitución "Fernando el Católico" _94721 |
|
| 740 | 0 | _aPrincipios de geometría descriptiva para los alumnos de pintura y escultura. | |
| 830 | 0 |
_aÉntasis : cuadernos de arquitectura de la Cátedra "Ricardo Magdalena" ; _v38 _9224598 |
|
| 830 | 0 | 0 |
_aPublicación ... de la Institución Fernando el Católico ; _9233871 _v3016 |
| 852 |
_aES-MaACL _jA-12058 _9187023 _bR.147220 _cDEPO1 _dOlim: N-5063 |
||
| 942 |
_2udc _cMONOGRAFIA |
||
| 999 |
_c180113 _d180113 |
||